00796nas a2200229Ia 4500001001100000003000900011008004100020040001300061040001300074041001300087100004800100210001800148222001800166245012100184250001100305260002400316501008600340300001700426362003800443500004900481650003600530R002/39567IT-RoPAU151124c99999999xx |||||||||||| ||und|| aIT-RoPAU cIT-RoPAU aITALIANO aArgentieri SimonagCodice Aut. SPICS: 17648 aBIANCO E NERO aBianco E Nero aBIANCO E NERO, ANNO 46-N.02-APRILE/GIUGNO 1985bGiardino Delle Illusioni (Il): Jos Stelling E Gli Inganni Percettivi a1a ed. aROMAbGREMESEc1985 bPaulus - SPICS - Società San Paolo EM (non-commercial uses only)cCopyright2015 a4 p. [73-76] aANNO 046, N.02-APRILE/GIUGNO 1985 aRecensione-E-Scheda-Del-Film-Di-Jos-Stelling aCINEMAvPUBBLICAZIONE PERIODICA